[Event "Ruhrgebiet Verbandsbezirksliga Gr 1"]
[Site "Ruhrgebiet"]
[Date "2019.01.27"]
[Round "5.6"]
[White "Zimmer, Tobias"]
[Black "Schotte, Ralf"]
[Result "1/2-1/2"]
[WhiteElo "1662"]
[BlackElo "1726"]
[PlyCount "56"]
[EventDate "2018.09.30"]
[EventType "team-tourn"]
[EventRounds "9"]
[EventCountry "GER"]
[SourceTitle "EXT 2022"]
[Source "ChessBase"]
[SourceDate "2021.10.06"]
[SourceVersion "1"]
[SourceVersionDate "2021.10.06"]
[SourceQuality "1"]
[WhiteTeam "Werl SC 1981 II"]
[BlackTeam "Werne SK"]
[WhiteTeamCountry "GER"]
[BlackTeamCountry "GER"]

1. d4 d5 2. c4 e6 3. Nc3 Nf6 4. Bg5 Be7 5. e3 0-0 6. cxd5 exd5 7. Bd3 h6 8. Bh4 c6 9. Qc2 Re8 10. Nf3 Nbd7 11. 0-0 Nf8 12. Rab1 a5 13. Rfc1 Be6 14. a3 N6d7 15. Bxe7 Qxe7 16. b4 axb4 17. axb4 Bg4 18. Nd2 Bh5 19. Na4 Bg6 20. Bxg6 Nxg6 21. Nc5 Nxc5 22. Qxc5 Qg5 23. Nf3 Qf6 24. b5 Re6 25. Qb6 Qd8 26. bxc6 Qxb6 27. Rxb6 bxc6 28. g3 Rc8 1/2-1/2

[Event "Ruhrgebiet Bezirksliga 17/18"]
[Site "Ruhrgebiet"]
[Date "2017.09.17"]
[Round "2.4"]
[White "Schotte, Ralf"]
[Black "Heinrich, Reinhard"]
[Result "1-0"]
[WhiteElo "1742"]
[BlackElo "1639"]
[PlyCount "111"]
[EventDate "2017.09.03"]
[EventType "team-tourn"]
[EventRounds "9"]
[EventCountry "GER"]
[SourceTitle "EXT 2022"]
[Source "ChessBase"]
[SourceDate "2021.10.06"]
[SourceVersion "1"]
[SourceVersionDate "2021.10.06"]
[SourceQuality "1"]
[WhiteTeam "Werne SK"]
[BlackTeam "Kamen SV IV"]
[WhiteTeamCountry "GER"]
[BlackTeamCountry "GER"]

1. e4 c5 2. Nf3 Nc6 3. d4 cxd4 4. Nxd4 g6 5. Be3 Bg7 6. Bc4 Nf6 7. Nc3 d6 8. 0-0 0-0 9. h3 Nd7 10. f4 Nb6 11. Be2 e6 12. Ndb5 d5 13. exd5 Nxd5 14. Nxd5 exd5 15. Bc5 Re8 16. c3 Bf8 17. Bf2 a6 18. Nd4 Re4 19. Bf3 Rxf4 20. Bg3 Rxd4 21. cxd4 Be6 22. a3 Qg5 23. Kh2 Rd8 24. Qd3 Bf5 25. Qc3 Qf6 26. Rad1 Bd6 27. Bg4 h5 28. Bxf5 gxf5 29. Bxd6 Rxd6 30. Qg3+ Kh7 31. Qf4 Ne7 32. Rd3 Re6 33. Re3 Re4 34. Rxe4 dxe4 35. Qxe4 Qg5 36. Qf4 Qf6 37. b4 h4 38. d5 Ng6 39. Qxf5 Qd6+ 40. Kh1 Kh6 41. Qxf7 Qg3 42. Qf3 Qd6 43. Qe3+ Kg7 44. Qg5 a5 45. Re1 Qa6 46. Re6 Qf1+ 47. Kh2 Qf7 48. b5 a4 49. b6 Kh7 50. Qf6 Qxf6 51. Rxf6 Kg7 52. Re6 Kf7 53. Re4 Ne7 54. d6 Nc6 55. g4 hxg3+ 56. Kxg3 1-0

[Event "Ruhrgebiet Bezirksliga 16/17"]
[Site "Ruhrgebiet"]
[Date "2017.02.12"]
[Round "8.4"]
[White "Ittner, Ralf"]
[Black "Schotte, Ralf"]
[Result "1/2-1/2"]
[WhiteElo "1663"]
[BlackElo "1770"]
[PlyCount "35"]
[EventDate "2016.08.28"]
[EventType "team-tourn"]
[EventRounds "11"]
[EventCountry "GER"]
[SourceTitle "EXT 2022"]
[Source "ChessBase"]
[SourceDate "2021.10.06"]
[SourceVersion "1"]
[SourceVersionDate "2021.10.06"]
[SourceQuality "1"]
[WhiteTeam "Hamm Koenigsspringer II"]
[BlackTeam "Werne SK"]
[WhiteTeamCountry "GER"]
[BlackTeamCountry "GER"]

1. d4 d5 2. Nf3 e6 3. c3 c5 4. e3 Nc6 5. Bd3 Nf6 6. Nbd2 cxd4 7. exd4 Bd6 8. 0-0 0-0 9. Re1 Qc7 10. h3 Re8 11. Bc2 e5 12. dxe5 Nxe5 13. Nxe5 Rxe5 14. Rxe5 Bxe5 15. Nf3 Bf4 16. Qd4 Bxc1 17. Rxc1 Qc4 18. Bb3 1/2-1/2

[Event "Ruhrgebiet Bezirksliga 1516 Aufstieg"]
[Site "Germany"]
[Date "2016.05.22"]
[Round "1.4"]
[White "Broszeit, Peter"]
[Black "Schotte, Ralf"]
[Result "1-0"]
[WhiteElo "1828"]
[BlackElo "1786"]
[PlyCount "67"]
[EventDate "2016.05.22"]
[EventType "team-match"]
[EventRounds "1"]
[EventCountry "GER"]
[SourceTitle "EXT 2022"]
[Source "ChessBase"]
[SourceDate "2021.10.06"]
[SourceVersion "1"]
[SourceVersionDate "2021.10.06"]
[SourceQuality "1"]
[WhiteTeam "Erkenschwick II"]
[BlackTeam "Werne SK"]
[WhiteTeamCountry "GER"]
[BlackTeamCountry "GER"]

1. e4 c5 2. Nf3 a6 3. c4 Nc6 4. Nc3 Nf6 5. d4 cxd4 6. Nxd4 e5 7. Nc2 d6 8. Be2 Be6 9. Bg5 Be7 10. Bxf6 Bxf6 11. Nd5 Bxd5 12. Qxd5 Qa5+ 13. Qxa5 Nxa5 14. Ne3 Rc8 15. Rd1 Be7 16. 0-0 g6 17. Bg4 Rd8 18. Nd5 Nc6 19. Nc7+ Kf8 20. f4 Kg7 21. f5 h5 22. Bh3 g5 23. Nd5 f6 24. g4 Kf7 25. gxh5 Rxh5 26. Bg4 Rh4 27. h3 Nd4 28. Kg2 Rc8 29. Rc1 Rhh8 30. b4 b5 31. cxb5 axb5 32. Bh5+ Rxh5 33. Rxc8 Ne2 34. Rc7 1-0

[Event "Ruhrgebiet Bezirksliga 15/16"]
[Site "Ruhrgebiet"]
[Date "2016.01.31"]
[Round "7.3"]
[White "Schotte, Ralf"]
[Black "Spaeh, Jan Lukas"]
[Result "1/2-1/2"]
[WhiteElo "1783"]
[BlackElo "1626"]
[PlyCount "36"]
[EventDate "2015.08.30"]
[EventType "team-tourn"]
[EventRounds "9"]
[EventCountry "GER"]
[SourceTitle "EXT 2022"]
[Source "ChessBase"]
[SourceDate "2021.10.06"]
[SourceVersion "1"]
[SourceVersionDate "2021.10.06"]
[SourceQuality "1"]
[WhiteTeam "Werne SK"]
[BlackTeam "Kamen SV IV"]
[WhiteTeamCountry "GER"]
[BlackTeamCountry "GER"]

1. e4 c5 2. Nf3 d6 3. d4 cxd4 4. Nxd4 Nf6 5. Nc3 a6 6. Bg5 e6 7. f4 Be7 8. Qf3 h6 9. Bxf6 Bxf6 10. 0-0-0 Qc7 11. g4 Nd7 12. h4 Be7 13. g5 b5 14. g6 Nc5 15. gxf7+ Kxf7 16. Rg1 Kg8 17. e5 Rb8 18. Nc6 Rb6 1/2-1/2

[Event "Ruhrgebiet Bezirksliga 15/16"]
[Site "Ruhrgebiet"]
[Date "2015.11.22"]
[Round "4.3"]
[White "Korten, Lando"]
[Black "Schotte, Ralf"]
[Result "1/2-1/2"]
[WhiteElo "1773"]
[BlackElo "1783"]
[PlyCount "87"]
[EventDate "2015.08.30"]
[EventType "team-tourn"]
[EventRounds "9"]
[EventCountry "GER"]
[SourceTitle "EXT 2022"]
[Source "ChessBase"]
[SourceDate "2021.10.06"]
[SourceVersion "1"]
[SourceVersionDate "2021.10.06"]
[SourceQuality "1"]
[WhiteTeam "Unna SV"]
[BlackTeam "Werne SK"]
[WhiteTeamCountry "GER"]
[BlackTeamCountry "GER"]

1. d4 d5 2. c4 e6 3. Nc3 Nf6 4. cxd5 exd5 5. Bg5 Be7 6. Qc2 c6 7. e3 Nbd7 8. Bd3 h6 9. Bf4 0-0 10. h3 Re8 11. Nf3 Nf8 12. 0-0 Bd6 13. Bxd6 Qxd6 14. Nd2 b6 15. Rac1 Bd7 16. Na4 Re7 17. a3 Rae8 18. b4 Bxh3 19. Nf3 Bd7 20. Ne5 Rxe5 21. dxe5 Rxe5 22. Be2 Ng4 23. Bxg4 Bxg4 24. Qxc6 Qxc6 25. Rxc6 Bd7 26. Rc7 Bxa4 27. Rxa7 Bb3 28. Rb1 Bc4 29. a4 Re6 30. b5 Ng6 31. Ra8+ Kh7 32. a5 Bxb5 33. Rxb5 bxa5 34. Raxa5 Ne7 35. Ra7 Kg6 36. Rbb7 Kf6 37. Kh2 Re5 38. Kh3 Re6 39. Kg4 g6 40. g3 Re5 41. Rb6+ Kg7 42. Kf3 Nc8 43. Rbb7 Nxa7 44. Rxa7 1/2-1/2

[Event "Ruhrgebiet Bezirksliga 15/16"]
[Site "Ruhrgebiet"]
[Date "2015.09.20"]
[Round "2.5"]
[White "Schotte, Ralf"]
[Black "Hering, Christian"]
[Result "1-0"]
[WhiteElo "1783"]
[BlackElo "1580"]
[PlyCount "55"]
[EventDate "2015.08.30"]
[EventType "team-tourn"]
[EventRounds "9"]
[EventCountry "GER"]
[SourceTitle "EXT 2022"]
[Source "ChessBase"]
[SourceDate "2021.10.06"]
[SourceVersion "1"]
[SourceVersionDate "2021.10.06"]
[SourceQuality "1"]
[WhiteTeam "Werne SK"]
[BlackTeam "Werl SC 1981"]
[WhiteTeamCountry "GER"]
[BlackTeamCountry "GER"]

1. e4 c5 2. Nf3 d6 3. c3 e5 4. Be2 Nf6 5. d3 Be7 6. 0-0 Nc6 7. Bg5 h6 8. Bh4 Nh7 9. Bxe7 Qxe7 10. Nbd2 0-0 11. Nc4 b5 12. Ne3 Be6 13. d4 cxd4 14. cxd4 Nxd4 15. Nxd4 exd4 16. Qxd4 a6 17. b3 Nf6 18. Rfd1 Rfd8 19. Rac1 Qb7 20. Bf3 Bd5 21. Nxd5 Nxd5 22. Qxd5 Qxd5 23. exd5 a5 24. Rc6 Kf8 25. Re1 Ra7 26. g3 g6 27. Kf1 Kg7 28. Rec1 1-0

[Event "NRW Verbandsklasse Group1 1314"]
[Site "Nordrheinwestfalen"]
[Date "2014.04.06"]
[Round "9"]
[White "Schotte, Ralf"]
[Black "Fischoeder, Heiko"]
[Result "0-1"]
[WhiteElo "1793"]
[BlackElo "1978"]
[PlyCount "52"]
[EventDate "2013.09.08"]
[EventType "team-tourn"]
[EventRounds "9"]
[EventCountry "GER"]
[SourceTitle "EXT 2020"]
[Source "ChessBase"]
[SourceDate "2019.10.17"]
[SourceVersion "1"]
[SourceVersionDate "2019.10.17"]
[SourceQuality "1"]
[WhiteTeam "Werne SK"]
[BlackTeam "Unser Fritz"]
[WhiteTeamCountry "GER"]
[BlackTeamCountry "GER"]

1. e4 c5 2. Nf3 d6 3. d4 cxd4 4. Nxd4 Nf6 5. Nc3 g6 6. Be2 Bg7 7. Be3 0-0 8. 0-0 Nc6 9. Nxc6 bxc6 10. f4 Qa5 11. a3 Rd8 12. b4 Qc7 13. Qe1 Bg4 14. Bf3 Bxf3 15. Rxf3 Ng4 16. Rd1 a5 17. Nb1 Nxe3 18. Qxe3 axb4 19. axb4 Ra1 20. Qe1 Rb8 21. c3 c5 22. Kh1 cxb4 23. cxb4 Qc2 24. Rf2 Qa4 25. Nd2 Rxd1 26. Qxd1 Qxd1+ 0-1